000 00270nam a22001337a 4500
003 SGT
082 _a628.16
_bW00F
100 _aFEWTRELL, LORNA
245 _aWATER QUALITY
260 _aDELHI
_bAITBS
_cSN
300 _a424
650 _aWATERT TREATMENT
942 _2ddc
_cBK
999 _c8498
_d8498